header

Thea Stilton and the Frozen Fiasco (Record no. 261067)

MARC details
000 -LEADER
fixed length control field 00251nam a22001097a 4500
020 ## - INTERNATIONAL STANDARD BOOK NUMBER
ISBN 9781338087864
100 ## - MAIN ENTRY--AUTHOR NAME
Personal name Edizoni Piemme
245 ## - TITLE STATEMENT
Title Thea Stilton and the Frozen Fiasco
260 ## - PUBLICATION, DISTRIBUTION, ETC. (IMPRINT)
Place of publication New York
Name of publisher Scholastic
Year of publication 2015
300 ## - PHYSICAL DESCRIPTION
Number of Pages 162
942 ## - ADDED ENTRY ELEMENTS (KOHA)
Koha item type Long Loan Books
Holdings
Withdrawn status Lost status Collection code Home library Current library Shelving location Date acquired Accession Number Koha item type
    Non-fiction Rongo University Library Rongo University Library General Stacks 30/10/2023 CL/945/2021 Long Loan Books

© 2026 Rongo University
Contact us: librarian | system librarian | Rongo university